000 00680nam a2200241Ia 4500
003 OSt
005 20220918223649.0
006 a|||||r|||| 00| 0
007 ta
008 220917b |||||||| |||| 00| 0 eng d
024 _a224,502
037 _cTextual
040 _aARTS
_cARTS
_beng
041 _2eng
_aeng
082 _aS, P3
100 _aGazzaniga Michael S.
245 0 _aPsychological science
_b Mind, brain, and behavior
260 _aNew York
_bW.W. Norton & Company
_c2003
300 _aXLii, 589p.
_ccm.
700 _a Heatherton Todd F.
_9146305
942 _hS, P3
_cTEXL
_2CC
999 _c279110
_d279110